Sabbath presence : (Record no. 119744)
[ view plain ]
| 000 -LEADER | |
|---|---|
| fixed length control field | 01614cam a22003854a 4500 |
| 001 - CONTROL NUMBER | |
| control field | 14113673 |
| 003 - CONTROL NUMBER IDENTIFIER | |
| control field | ARRUPE |
| 005 - DATE AND TIME OF LATEST TRANSACTION | |
| control field | 20140129131046.0 |
| 008 - FIXED-LENGTH DATA ELEMENTS--GENERAL INFORMATION | |
| fixed length control field | 050920s2006 inu 000 0 eng |
| 010 ## - LIBRARY OF CONGRESS CONTROL NUMBER | |
| LC control number | 2005027504 |
| 015 ## - NATIONAL BIBLIOGRAPHY NUMBER | |
| National bibliography number | GBA628276 |
| Source | bnb |
| 016 7# - NATIONAL BIBLIOGRAPHIC AGENCY CONTROL NUMBER | |
| Record control number | 013415520 |
| Source | Uk |
| 020 ## - INTERNATIONAL STANDARD BOOK NUMBER | |
| International Standard Book Number | 1594710686 |
| 020 ## - INTERNATIONAL STANDARD BOOK NUMBER | |
| International Standard Book Number | 9781594710681 |
| 035 ## - SYSTEM CONTROL NUMBER | |
| System control number | (OCoLC)ocm61748254 |
| 035 ## - SYSTEM CONTROL NUMBER | |
| System control number | (OCoLC)61748254 |
| 040 ## - CATALOGING SOURCE | |
| Original cataloging agency | DLC |
| Transcribing agency | DLC |
| Modifying agency | IG# |
| -- | BAKER |
| -- | UKM |
| -- | DLC |
| 042 ## - AUTHENTICATION CODE | |
| Authentication code | pcc |
| 050 00 - LIBRARY OF CONGRESS CALL NUMBER | |
| Classification number | BV111.3 |
| Item number | .C37 2006 |
| 082 00 - DEWEY DECIMAL CLASSIFICATION NUMBER | |
| Classification number | 263/.3 |
| Edition number | 22 |
| 300 ## - PHYSICAL DESCRIPTION | |
| Dimensions | 22 cm. |
| 100 1# - MAIN ENTRY--PERSONAL NAME | |
| Personal name | Casey, Kathleen, |
| Dates associated with a name | 1960- |
| 9 (RLIN) | 7207 |
| 245 10 - TITLE STATEMENT | |
| Title | Sabbath presence : |
| Remainder of title | appreciating the gifts of each day / |
| Statement of responsibility, etc | Kathleen Casey. |
| 260 ## - PUBLICATION, DISTRIBUTION, ETC. (IMPRINT) | |
| Place of publication, distribution, etc | Notre Dame, Ind. : |
| Name of publisher, distributor, etc | Ave Maria Press, |
| Date of publication, distribution, etc | c2006. |
| 300 ## - PHYSICAL DESCRIPTION | |
| Extent | 122 p. ; |
| 504 ## - BIBLIOGRAPHY, ETC. NOTE | |
| Bibliography, etc | Includes bibliographical references. |
| 505 0# - FORMATTED CONTENTS NOTE | |
| Formatted contents note | The gift of emptying -- The gift of being -- The gift of balance -- The gift of boundaries -- The gift of covenant -- The gift of new creation -- The gift of presence -- The gift of the journey -- The gift of enough -- Jesus and the Sabbath -- The rituals of Sabbath -- Accepting the gifts of Sabbath. |
| 650 #0 - SUBJECT ADDED ENTRY--TOPICAL TERM | |
| Topical term or geographic name as entry element | Sunday. |
| 9 (RLIN) | 7208 |
| 650 #0 - SUBJECT ADDED ENTRY--TOPICAL TERM | |
| Topical term or geographic name as entry element | Rest |
| General subdivision | Religious aspects |
| -- | Christianity. |
| 9 (RLIN) | 7209 |
| 650 #0 - SUBJECT ADDED ENTRY--TOPICAL TERM | |
| Topical term or geographic name as entry element | Sabbath. |
| 9 (RLIN) | 7210 |
| 650 #0 - SUBJECT ADDED ENTRY--TOPICAL TERM | |
| Topical term or geographic name as entry element | Spiritual life |
| General subdivision | Christianity. |
| 9 (RLIN) | 7211 |
| 856 41 - ELECTRONIC LOCATION AND ACCESS | |
| Materials specified | Table of contents |
| Uniform Resource Identifier | <a href="http://www.loc.gov/catdir/toc/ecip061/2005027504.html">http://www.loc.gov/catdir/toc/ecip061/2005027504.html</a> |
| 906 ## - LOCAL DATA ELEMENT F, LDF (RLIN) | |
| a | 7 |
| b | cbc |
| c | orignew |
| d | 1 |
| e | ecip |
| f | 20 |
| g | y-gencatlg |
| 942 ## - ADDED ENTRY ELEMENTS (KOHA) | |
| Source of classification or shelving scheme | Library of Congress Classification |
| Koha item type | Monograph ( Printed materials) |
| Withdrawn status | Lost status | Source of classification or shelving scheme | Damaged status | Not for loan | Collection code | Home library | Current library | Shelving location | Date acquired | Total Checkouts | Full call number | Barcode | Date last seen | Price effective from | Koha item type |
|---|---|---|---|---|---|---|---|---|---|---|---|---|---|---|---|
| Library of Congress Classification | Main Collection | ARRUPE LIBRARY | ARRUPE LIBRARY | Main Collection | 29/01/2014 | BV111.3 .C37 2006 | 464123505 | 24/01/2017 | 29/01/2014 | Monograph ( Printed materials) |